प्रेरक-प्रसंग: (Record no. 38171)

MARC details
000 -LEADER
fixed length control field 01037nam a22002417a 4500
005 - DATE AND TIME OF LATEST TRANSACTION
control field 20100729120116.0
010 ## - LCCN (DPL NO)
LC control number HIN-89886
020 ## - INTERNATIONAL STANDARD BOOK NUMBER
Terms of availability 150.00
International Standard Book Number 9788175053243
035 ## - SYSTEM CONTROL NUMBER
System control number HN-62232
037 ## - SOURCE OF ACQUISITION
Source of stock number/acquisition DBAD / PUB
082 ## - DEWEY DECIMAL CLASSIFICATION NUMBER
Classification number 170
100 ## - MAIN ENTRY--PERSONAL NAME
Personal name पेंढारकर, शरद् चन्द्र
245 ## - TITLE STATEMENT
Title प्रेरक-प्रसंग:
Statement of responsibility, etc शरद् चन्द्र पेंढारकर
Remainder of title मानव-वाटिका के सुरभित पुष्प /
246 ## - VARYING FORM OF TITLE
Title proper/short title Prerak-
Remainder of title by Anjana Bakshi
260 ## - PUBLICATION, DISTRIBUTION, ETC. (IMPRINT)
Place of publication, distribution, etc दिल्ली
Name of publisher, distributor, etc शिल्पायन
Date of publication, distribution, etc 2008
270 ## - ADDRESS
Address 10295/ लेन नं.-1, वैस्ट गोरखपार्क, शाहदरा
City दिल्ली
Postal code 110032
Telephone number 011-22821174
300 ## - PHYSICAL DESCRIPTION
Extent 116पृ.
Dimensions 22सेमी (सजिल्द)
500 ## - GENERAL NOTE
General note कविता-संग्रह
650 ## - SUBJECT ADDED ENTRY--TOPICAL TERM
Topical term following geographic name as entry element हिन्दी कविता
650 ## - SUBJECT ADDED ENTRY--TOPICAL TERM
Topical term following geographic name as entry element Hindi Poetry
700 ## - ADDED ENTRY--PERSONAL NAME
9 (RLIN) 2325
942 ## - ADDED ENTRY ELEMENTS (KOHA)
Source of classification or shelving scheme Dewey Decimal Classification
Item type Hindi Books
Classification part 821
Call number suffix बख्शीअं

No items available.


© Delhi Public Library
Hit Counter
free hit counter